(Re)Gained in translation / (Record no. 1611)
[ view plain ]
| 000 -LEADER | |
|---|---|
| fixed length control field | 01644cam a2200457 i 4500 |
| 001 - CONTROL NUMBER | |
| control field | data |
| 008 - FIXED-LENGTH DATA ELEMENTS--GENERAL INFORMATION | |
| fixed length control field | data |
| 005 - DATE AND TIME OF LATEST TRANSACTION | |
| control field | 20260322212109.0 |
| 010 ## - LIBRARY OF CONGRESS CONTROL NUMBER | |
| LC control number | 2023401562 |
| 020 ## - INTERNATIONAL STANDARD BOOK NUMBER | |
| International Standard Book Number | 9783732907892 |
| Qualifying information | print) |
| -- | print) |
| 020 ## - INTERNATIONAL STANDARD BOOK NUMBER | |
| International Standard Book Number | 3732907899 |
| Qualifying information | print) |
| -- | print) |
| 020 ## - INTERNATIONAL STANDARD BOOK NUMBER | |
| Canceled/invalid ISBN | 9783732991761 |
| Qualifying information | e-book) |
| -- | e-book) |
| 035 ## - SYSTEM CONTROL NUMBER | |
| System control number | (OCoLC)1370904386 |
| 040 ## - CATALOGING SOURCE | |
| Original cataloging agency | STF |
| Language of cataloging | eng |
| Description conventions | rda |
| Transcribing agency | STF |
| Modifying agency | DLC |
| -- | OCLCF |
| -- | OCLCO |
| -- | OCLCQ |
| -- | DLC |
| 042 ## - AUTHENTICATION CODE | |
| Authentication code | pcc |
| 050 00 - LIBRARY OF CONGRESS CALL NUMBER | |
| Classification number | BS450 |
| Item number | .R44 2022 |
| 245 00 - TITLE STATEMENT | |
| Title | (Re)Gained in translation / |
| Statement of responsibility, etc. | Sabine Dievenkorn, Shaul Levin (eds.). |
| 246 3# - VARYING FORM OF TITLE | |
| Title proper/short title | Gained in translation |
| 264 #1 - PRODUCTION, PUBLICATION, DISTRIBUTION, MANUFACTURE, AND COPYRIGHT NOTICE | |
| Place of production, publication, distribution, manufacture | Berlin : |
| Name of producer, publisher, distributor, manufacturer | Frank & Timme, |
| Date of production, publication, distribution, manufacture, or copyright notice | [2022]- |
| 300 ## - PHYSICAL DESCRIPTION | |
| Extent | volumes ; |
| Dimensions | 21 cm |
| 336 ## - CONTENT TYPE | |
| Content type term | text |
| Content type code | txt |
| Source | rdacontent |
| 337 ## - MEDIA TYPE | |
| Media type term | unmediated |
| Media type code | n |
| Source | rdamedia |
| 338 ## - CARRIER TYPE | |
| Carrier type term | volume |
| Carrier type code | nc |
| Source | rdacarrier |
| 490 1# - SERIES STATEMENT | |
| Series statement | TransÜD, |
| International Standard Serial Number | 1438-2636 ; |
| Volume/sequential designation | Band 133 |
| 504 ## - BIBLIOGRAPHY, ETC. NOTE | |
| Bibliography, etc. note | Includes bibliographical references. |
| 505 1# - FORMATTED CONTENTS NOTE | |
| Formatted contents note | I. Bibles, theologies, and the politics of empowerment |
| 630 00 - SUBJECT ADDED ENTRY--UNIFORM TITLE | |
| Uniform title | Bible |
| General subdivision | Translating. |
| 630 00 - SUBJECT ADDED ENTRY--UNIFORM TITLE | |
| Uniform title | Bible |
| General subdivision | Versions. |
| 630 06 - SUBJECT ADDED ENTRY--UNIFORM TITLE | |
| Uniform title | Bible |
| General subdivision | Traduction. |
| 630 06 - SUBJECT ADDED ENTRY--UNIFORM TITLE | |
| Uniform title | Bible |
| General subdivision | Versions. |
| 630 07 - SUBJECT ADDED ENTRY--UNIFORM TITLE | |
| Uniform title | Bible |
| Source of heading or term | fast |
| 700 1# - ADDED ENTRY--PERSONAL NAME | |
| Personal name | Dievenkorn, Sabine, |
| Relator term | editor. |
| 700 1# - ADDED ENTRY--PERSONAL NAME | |
| Personal name | Levin, Shaul |
| Titles and other words associated with a name | (Translator), |
| Relator term | editor. |
| 830 #0 - SERIES ADDED ENTRY--UNIFORM TITLE | |
| Uniform title | TransÜD ; |
| Volume/sequential designation | Bd. 133. |
| 856 42 - ELECTRONIC LOCATION AND ACCESS | |
| Materials specified | Volume 1, Full table of contents |
| Uniform Resource Identifier | <a href="https://d-nb.info/1264362153/04">https://d-nb.info/1264362153/04</a> |
| 906 ## - LOCAL DATA ELEMENT F, LDF (RLIN) | |
| a | 7 |
| b | cbc |
| c | pccadap |
| d | 2 |
| e | ncip |
| f | 20 |
| g | y-gencatlg |
| 923 ## - | |
| -- | 20221117 |
| -- | 0292430 |
| -- | GyWOH |
| -- | v. 1 |
| 925 0# - | |
| -- | acquire |
| -- | 1 shelf copy |
| -- | policy default |
| 985 ## - | |
| -- | PCSC contract |
| Withdrawn status | Lost status | Damaged status | Not for loan | Home library | Current library | Shelving location | Date acquired | Total checkouts | Full call number | Barcode | Date last seen | Price effective from | Koha item type |
|---|---|---|---|---|---|---|---|---|---|---|---|---|---|
| Institut Protestant de Théologie | Institut Protestant de Théologie | General stacks | 22/03/2026 | BS450 | LOC-IPT-00002 | 22/03/2026 | 22/03/2026 | Books |